500 Horror Films - Statistics

General Stats
  • This quiz has been taken 1,124 times
    1,111 since last reset
  • The average score is 90 of 500
Answer Stats
Hint Answer % Correct
1978 Halloween
80%
1996 Scream
79%
2017 It
73%
1931 Dracula
71%
2004 Saw
71%
1980 Friday the 13th
69%
1997 Scream 2
69%
2001 Scream 3
68%
1931 Frankenstein
67%
2011 Scream 4
66%
1980 The Shining
66%
1979 Alien
64%
1981 Halloween II
64%
2005 Saw 2
63%
2006 Saw 3
63%
2007 Saw 4
63%
2022 Scream 5
63%
1973 The Exorcist
63%
1922 Nosferatu
62%
1960 Psycho
62%
2008 Saw 5
62%
2009 Saw 6
62%
1974 The Texas Chain Saw Massacre
62%
1982 Halloween III: Season of the Witch
60%
2023 Scream 6
59%
1975 Jaws
58%
2013 The Conjuring
57%
1988 Halloween IV: Return of Michael Myers
56%
2002 The Ring
55%
1986 Aliens
54%
1989 Halloween V: The Revenge of Michael Myers
54%
1988 Child's Play
53%
1976 Carrie
50%
1984 A Nightmare on Elm Street
49%
2014 Annabelle
48%
1982 The Thing
48%
1954 Them!
47%
1991 The Silence of the Lambs
46%
1968 Night of the Living Dead
45%
1987 Predator
45%
1981 Friday the 13th: Part II
44%
1982 Poltergeist
44%
1981 The Evil Dead
44%
2017 Get Out
43%
1978 Jaws 2
43%
1963 The Birds
43%
2016 The Conjuring 2
43%
2018 The Nun
43%
1992 Alien 3
42%
1982 Friday the 13th: Part III
42%
1976 The Omen
42%
2000 Final Destination
41%
2003 Freddy vs. Jason
40%
1987 Hellraiser
39%
2018 Hereditary
39%
2007 Paranormal Activity
39%
1932 The Mummy
39%
2019 Us
39%
1978 Dawn of the Dead
38%
2010 Insidious
38%
2015 The Witch
38%
2003 Final Destination 2
37%
1999 The Blair Witch Project
37%
1977 The Hills Have Eyes
37%
2006 Final Destination 3
36%
1997 I Know What You Did Last Summer
36%
1968 Rosemary's Baby
36%
1935 The Bride of Frankenstein
36%
1958 | 1986 The Fly
36%
2002 28 Days Later
35%
1985 A Nightmare on Elm Street 2: Freddy's Revenge
35%
1983 Cujo
35%
1987 Evil Dead 2
35%
1990 Misery
35%
2022 Smile
35%
1999 The Sixth Sense
35%
1984 Gremlins
34%
2019 Midsommar
34%
2004 Alien vs. Predator
33%
1987 A Nightmare on Elm Street 3: Dream Warriors
33%
1992 Candyman
33%
2014 It Follows
33%
2017 Jigsaw
33%
2014 The Babadook
33%
2012 The Cabin in the Woods
33%
2006 The Host
33%
1941 The Wolf Man
33%
2004 The Grudge
32%
1933 The Invisible Man
32%
1954 Godzilla
31%
2020 Host
31%
1979 Zombie
31%
2000 American Psycho
30%
1981 An American Werewolf in London
30%
1933 King Kong
30%
2022 Nope
30%
2012 Prometheus
30%
1989 A Nightmare on Elm Street 5: The Dream Child
29%
2018 A Quiet Place
29%
2001 Hannibal
29%
2004 Shaun of the Dead
29%
1963 The Haunting
29%
1988 A Nightmare on Elm Street 4: The Dream Master
28%
1984 Children of the Corn
28%
2001 Jeepers Creepers
28%
2016 Terrifier
28%
1958 The Blob
28%
2005 Hostel
27%
2018 The Meg
27%
2007 28 Weeks Later
26%
2011 Final Destination 5
26%
1979 The Amityville Horror
26%
2007 The Mist
26%
2022 X
26%
1997 Alien: Resurrection
25%
1983 Christine
25%
1998 Halloween H20: 20 Years Later
25%
1956 Invasion of the Body Snatchers
25%
1989 Pet Sematary
25%
2005 The Descent
25%
1954 Creature from the Black Lagoon
24%
2007 REC
24%
2012 Sinister
24%
2022 Terrifier 2
24%
1986 Texas Chainsaw Massacre 2
24%
1920 The Cabinet of Dr. Caligari
24%
1980 The Fog
24%
1925 The Phantom of the Opera
24%
2014 Creep
23%
1985 Day of the Dead
23%
1993 Leprechaun
23%
1977 Suspiria
23%
1973 The Wicker Man
23%
1992 Army of Darkness
22%
2021 Halloween Kills
22%
2022 Pearl
22%
1995 Seven
22%
2002 Signs
22%
2021 The Conjuring 3: The Devil Made Me Do It
22%
2009 The Human Centipede
22%
1987 The Lost Boys
22%
2001 The Others
22%
2009 Zombieland
22%
1974 Black Christmas
21%
2008 Cloverfield
21%
2022 Halloween Ends
21%
2019 Haunt
21%
1953 House of Wax
21%
1994 Interview with the Vampire
21%
1998 I Still Know What You Did Last Summer
21%
2001 Jason X
21%
2002 Resident Evil
21%
2006 Silent Hill
21%
2021 Spiral
21%
1972 The Last House on the Left
21%
1990 Tremors
21%
2003 Wrong Turn
21%
1997 Anaconda
20%
2003 Jeepers Creepers 2
20%
2017 Alien: Covenant
19%
2019 Doctor Sleep
19%
1932 Freaks
19%
1998 Ringu
19%
2019 The Lighthouse
19%
2008 The Strangers
19%
2016 Train to Busan
19%
1983 Jaws 3D
18%
2009 Jennifer's Body
18%
1979 Salem's Lot
18%
2010 Saw 3D
18%
1983 Sleepaway Camp
18%
2021 The Black Phone
18%
2017 Annabelle: Creation
17%
1999 Audition
17%
1931 Dr. Jekyll and Mr. Hyde
17%
2023 Evil Dead Rise
17%
1990 Fear
17%
1989 Friday the 13th Part VIII: Jason Takes Manhattan
17%
1985 Fright Night
17%
1959 House on Haunted Hill
17%
1993 Jason Goes to Hell: The Final Friday
17%
1990 Leatherface: The Texas Chainsaw Massacre 3
17%
2008 Let the Right One In
17%
1978 Piranha
17%
2015 The Visit
17%
1994 Wes Craven's New Nightmare
17%
2020 A Quiet Place: Part II
16%
2018 Bird Box
16%
2002 Cabin Fever
16%
1980 Cannibal Holocaust
16%
1997 Cube
16%
2003 House of 1000 Corpses
16%
1999 Lake Placid
16%
1994 Leprechaun 2
16%
1981 My Bloody Valentine
16%
2005 The Exorcism of Emily Rose
16%
1985 The Return of the Living Dead
16%
2019 Annabelle Comes Home
15%
1992 Bram Stoker's Dracula
15%
1942 Cat People
15%
2016 Don't Breathe
15%
2009 Drag Me to Hell
15%
1977 Eraserhead
15%
2016 Hush
15%
1978 I Spit on Your Grave
15%
1990 Jacob's Ladder
15%
1988 Killer Klowns from Outer Space
15%
2015 Krampus
15%
2013 Mama
15%
2017 mother!
15%
2006 Pan's Labyrinth
15%
1980 Prom Night
15%
2019 Ready or Not
15%
1985 Reanimator
15%
2004 Shutter
15%
1981 The Howling
15%
2007 Trick 'r Treat
15%
1990 Arachnophobia
14%
2017 Creep 2
14%
1982 Creepshow
14%
1999 Deep Blue Sea
14%
1991 Freddy's Dead: The Final Nightmare
14%
1986 Friday the 13th Part VI: Jason Lives
14%
1984 Friday the 13th: The Final Chapter
14%
2002 Halloween: Resurrection
14%
1995 Leprechaun 3
14%
1954 Rear Window
14%
2006 The Grudge 2
14%
1932 Vampyr
14%
2010 10 Cloverfield Lane
13%
2014 As Above, So Below
13%
1973 Don't Look Now
13%
1996 From Dusk Till Dawn
13%
2000 Ginger Snaps
13%
1987 Jaws: The Revenge
13%
1980 Maniac
13%
2014 Ouija
13%
2005 The Devil's Rejects
13%
1953 The War of the Worlds
13%
1983 Videodrome
13%
1997 Event Horizon
12%
1985 Friday the 13th Part V: A New Beginning
12%
2017 Gerald's Game
12%
2002 Ghost Ship
12%
2019 It Chapter Two
12%
2000 Ju-On
12%
2016 Lights Out
12%
1960 Peeping Tom
12%
1988 Pumpkinhead
12%
1984 Silent Night, Deadly Night
12%
1961 The Innocents
12%
2017 The Ritual
12%
1988 They Live
12%
2003 Underworld
12%
1998 Vampires
12%
1960 Village of the Damned
12%
2010 A Serbian Film
11%
1992 Children of the Corn II: The Final Sacrifice
11%
2019 Crawl
11%
1960 Eyes Without a Face
11%
1988 Friday the 13th Part VII: The New Blood
11%
1995 Halloween: The Curse of Michael Myers
11%
2006 I'll Always Know What You Did Last Summer
11%
2017 It Comes at Night
11%
2016 Raw
11%
1980 The Changeling
11%
1973 The Crazies
11%
2008 The Happening
11%
2007 The Orphanage
11%
1991 The People Under the Stairs
11%
2012 The Woman in Black
11%
1996 Thinner
11%
2011 You're Next
11%
2007 1408
10%
2010 Black Swan
10%
1962 Carnival of Souls
10%
1995 Children of the Corn III: Urban Harvest
10%
2007 Dead Silence
10%
1975 Deep Red
10%
1988 Hellbound: Hellraiser 2
10%
2007 Inside
10%
2005 Land of the Dead
10%
2010 Let Me In
10%
2021 Malignant
10%
1981 Possession
10%
2017 Revenge
10%
2019 Scary Stories to Tell in the Dark
10%
2006 Slither
10%
1939 Son of Frankenstein
10%
1983 The Dead Zone
10%
2001 The Devil's Backbone
10%
2013 The Green Inferno
10%
2016 The Shallows
10%
1979 When a Stranger Calls
10%
2007 Alien vs Predator: Requiem
9%
1996 Children of the Corn IV: The Gathering
9%
1998 Children of the Corn V: Fields of Terror
9%
1994 In the Mouth of Madness
9%
2008 Lake Mungo
9%
2019 La Llorona
9%
2014 Oculus
9%
2004 One Missed Call
9%
1987 Prince of Darkness
9%
1934 The Black Cat
9%
2009 The House of the Devil
9%
1961 The Pit and the Pendulum
9%
2016 The Wailing
9%
1932 White Zombie
9%
2007 Zodiac
9%
2007 30 Days of Night
8%
2003 A Tale of Two Sisters
8%
1982 Basket Case
8%
1960 Black Sunday
8%
1992 Dead Alive
8%
1945 Dead of Night
8%
2010 Frozen
8%
2011 Grave Encounters
8%
2015 Green Room
8%
1920 Haxan
8%
1992 Hellraiser 3: Hell on Earth
8%
1958 Horror of Dracula
8%
1980 Inferno
8%
2000 Leprechaun in the Hood
8%
2018 Mandy
8%
1978 Martin
8%
1964 Onibaba
8%
1979 Phantasm
8%
1988 Sleepaway Camp II: Unhappy Campers
8%
1972 Tales from the Crypt
8%
1980 Terror Train
8%
2013 Texas Chainsaw 3D
8%
1979 The Brood
8%
1981 The Burning
8%
1997 The Devil's Advocate
8%
2015 The Invitation
8%
1928 The Man Who Laughs
8%
1955 The Night of the Hunter
8%
2019 The Platform
8%
2017 47 Meters Down
7%
1963 Black Sabbath
7%
1972 Blacula
7%
2022 Bodies Bodies Bodies
7%
2018 Cam
7%
1988 Dead Ringers
7%
2002 Dog Soldiers
7%
1971 Duel
7%
2008 Eden Lake
7%
2002 Eight Legged Freaks
7%
1977 Hausu
7%
1996 Hellraiser: Bloodline
7%
1960 House of Usher
7%
2007 I Am Legend
7%
2010 I Saw the Devil
7%
1997 Jack Frost
7%
1987 Near Dark
7%
1965 Repulsion
7%
1995 Tales from the Hood
7%
2007 Teeth
7%
1956 The Bad Seed
7%
1951 The Thing from Another World
7%
1944 The Uninvited
7%
2010 Tucker & Dale vs. Evil
7%
2019 Zombieland: Double Tap
7%
1971 A Bay of Blood
6%
2014 A Girl Walks Home Alone at Night
6%
2020 Alone
6%
1964 Blood and Black Lace
6%
2015 Bone Tomahawk
6%
1995 Candyman 2: Farewell to the Flesh
6%
2014 Deliver Us From Evil
6%
1985 Ghoulies
6%
2014 Goodnight Mommy
6%
2007 Grindhouse
6%
2000 Hellraiser: Inferno
6%
1986 Henry: Portrait of a Serial Killer
6%
1943 I Walked With a Zombie
6%
1996 Leprechaun 4: In Space
6%
1988 Maniac Cop
6%
1980 Motel Hell
6%
2003 Open Water
6%
1987 Opera
6%
1985 Phenomena
6%
1959 Plan 9 from Outer Space
6%
1999 Ravenous
6%
1995 Texas Chainsaw Massacre: The Next Generation
6%
1981 The Beyond
6%
2009 The Collector
6%
2015 The Gift
6%
2009 The Loved Ones
6%
1945 The Picture of Dorian Gray
6%
2007 The Poughkeepsie Tapes
6%
1981 The Prowler
6%
2018 The Strangers: Prey at Night
6%
1976 The Tenant
6%
1988 The Vanishing
6%
1976 Alice, Sweet Alice
5%
2016 Better Watch Out
5%
2000 Book of Shadows: Blair Witch 2
5%
2009 Case 39
5%
2004 Cube Zero
5%
1976 Grizzly
5%
2005 Hellraiser: Hellworld
5%
1953 Invaders from Mars
5%
2021 Last Night in Soho
5%
2003 Leprechaun: Back 2 Tha Hood
5%
1955 Les Diaboliques
5%
1971 Let's Scare Jessica to Death
5%
1984 Night of the Comet
5%
2016 Ouija: Origin of Evil
5%
2001 Session 9
5%
1990 Stephen King's It
5%
1971 The Abominable Dr. Phibes
5%
1970 The Bird with the Crystal Plumage
5%
1981 The Funhouse
5%
2009 The Haunting in Connecticut
5%
2019 The Lodge
5%
2012 The Lords of Salem
5%
1921 The Phantom Carriage
5%
1976 The Town That Dreaded Sundown
5%
2016 The Void
5%
2009 Thirst
5%
2016 Under the Shadow
5%
2021 Watcher
5%
2013 All Hallow's Eve
4%
1978 Attack of the Killer Tomatoes
4%
1999 Children of the Corn 666: Isaac's Return
4%
1984 CHUD
4%
2002 Cube 2: Hypercube
4%
1957 Curse of Frankenstein
4%
2008 Deadgirl
4%
2007 Disturbia
4%
1993 Fire in the Sky
4%
2002 Frailty
4%
2014 Housebound
4%
1953 It Came from Outer Space
4%
1974 It's Alive!
4%
1979 Nosferatu the Vampyre
4%
2008 Pontypool
4%
2020 Possessor
4%
2002 Queen of the Damned
4%
2009 Sorority Row
4%
2015 Southbound
4%
1973 Sssssss
4%
1982 Tenebrae
4%
2009 The Fourth Kind
4%
2015 The Gallows
4%
1982 The House on Sorority Row
4%
2016 The Love Witch
4%
1964 The Masque of the Red Death
4%
1959 A Bucket of Blood
3%
2001 Children of the Corn: Revelation
3%
1980 City of the Living Dead
3%
2019 Color Out of Space
3%
2009 Daybreakers
3%
2009 Dead Snow
3%
1932 Island of Lost Souls
3%
1986 Night of the Creeps
3%
1988 Scarecrows
3%
1973 Scream Blacula Scream
3%
2000 Shadow of the Vampire
3%
1973 Sisters
3%
1989 Sleepaway Camp 3: Teenage Wasteland
3%
1975 The Amusement Park
3%
1973 Theater of Blood
3%
1927 The Cat and the Canary
3%
2015 The Devil's Candy
3%
2017 The Endless
3%
1981 The House by the Cemetery
3%
1982 The New York Ripper
3%
2001 Thir13en Ghosts
3%
2018 Unfriended: Dark Web
3%
1963 Children of the Damned
2%
2019 Come to Daddy
2%
2016 Creepy
2%
1972 Don't Torture a Duckling
2%
1944 Gaslight
2%
2012 John Dies at the End
2%
1932 Murders in the Rue Morgue
2%
1967 Quatermass and the Pit
2%
1991 Subspecies
2%
1971 The Cat o' Nine Tails
2%
1936 The Demon Barber of Fleet Street
2%
1973 The Legend of Hell House
2%
1943 The Leopard Man
2%
2015 We Are Still Here
2%
2013 We Are What We Are
2%
2005 White Noise
2%
1971 A Lizard in a Woman's Skin
1%
1971 Four Flies on Grey Velvet
1%
1973 Ganja & Hess
1%
2019 Harpoon
1%
2009 Laid to Rest
1%
1995 Mute Witness
1%
2019 Satanic Panic
1%
1963 The Girl Who Knew Too Much
1%
1946 The Spiral Staircase
1%
1967 Viy
1%
1977 Alucarda
0%
1965 Planet of the Vampires
0%
No matching quizzes found
Score Distribution
Percent of People with Each Score
Percentile by Number Answered
Your Score History
You have not taken this quiz since the last reset